| Tag |
First Indicator |
Second Indicator |
Subfields |
| LEADER |
00000cam a2200000 a 4500 |
| 001 |
in00005685113 |
| 005 |
20260212194905.6 |
| 006 |
m o d |
| 007 |
cr bn||||||abp |
| 008 |
100409s2002 gw ob 001 0 ger d |
| 040 |
|
|
|a OCLCE
|b eng
|e pn
|c OCLCE
|d OCLCQ
|d OCLCO
|d OCLCQ
|d OCLCF
|d IDEBK
|d E7B
|d OCLCQ
|d YDXCP
|d OCLCQ
|d VT2
|d OCLCO
|d OCLCA
|d WYU
|d OCLCA
|d OCLCQ
|d OCLCO
|d C6I
|d HS0
|d UPM
|d INARC
|d OCLCO
|d OCLCQ
|d OCLCO
|d OCLCL
|d UEJ
|
| 019 |
|
|
|a 632153126
|a 882252840
|a 1048180494
|a 1048193028
|a 1066605159
|a 1078957279
|a 1414726492
|a 1440390210
|
| 020 |
|
|
|a 9783486702903
|q (e-book)
|
| 020 |
|
|
|a 3486702904
|q (e-book)
|
| 020 |
|
|
|z 3486645854
|
| 020 |
|
|
|z 9783486645859
|
| 035 |
|
|
|a (OCoLC)605911809
|z (OCoLC)632153126
|z (OCoLC)882252840
|z (OCoLC)1048180494
|z (OCoLC)1048193028
|z (OCoLC)1066605159
|z (OCoLC)1078957279
|z (OCoLC)1414726492
|z (OCoLC)1440390210
|
| 042 |
|
|
|a dlr
|
| 043 |
|
|
|a e-ge---
|
| 050 |
|
4 |
|a D411
|b .V5 no.85
|
| 082 |
0 |
4 |
|a 322/.5/0943109045
|2 22
|
| 084 |
|
|
|a 89.81
|2 bcl
|
| 084 |
|
|
|a 21
|2 sdnb
|
| 084 |
|
|
|a 63
|2 sdnb
|
| 084 |
|
|
|a 8,1
|2 ssgn
|
| 084 |
|
|
|a MG 81378
|2 rvk
|
| 084 |
|
|
|a MG 81940
|2 rvk
|
| 084 |
|
|
|a NQ 7010
|2 rvk
|
| 084 |
|
|
|a s 45.3
|2 ifzs
|
| 084 |
|
|
|a x 621.3
|2 ifzs
|
| 084 |
|
|
|a x 652
|2 ifzs
|
| 049 |
|
|
|a TXAM
|
| 100 |
1 |
|
|a Giese, Daniel.
|
| 245 |
1 |
4 |
|a Die SED und ihre Armee :
|b die NVA zwischen Politisierung und Professionalismus 1956-1965 /
|c von Daniel Giese.
|
| 260 |
|
|
|a München :
|b Oldenbourg,
|c 2002.
|
| 300 |
|
|
|a 1 online resource (282 pages)
|
| 336 |
|
|
|a text
|b txt
|2 rdacontent
|
| 337 |
|
|
|a computer
|b c
|2 rdamedia
|
| 338 |
|
|
|a online resource
|b cr
|2 rdacarrier
|
| 490 |
1 |
|
|a Schriftenreihe der Vierteljahrshefte für Zeitgeschichte ;
|v Bd. 85
|
| 504 |
|
|
|a Includes bibliographical references (pages 271-280) and index.
|
| 538 |
|
|
|a Master and use copy. Digital master created according to Benchmark for Faithful Digital Reproductions of Monographs and Serials, Version 1. Digital Library Federation, December 2002.
|u http://purl.oclc.org/DLF/benchrepro0212
|5 MiAaHDL
|
| 583 |
1 |
|
|a digitized
|c 2010
|h HathiTrust Digital Library
|l committed to preserve
|2 pda
|5 MiAaHDL
|
| 588 |
0 |
|
|a Print version record.
|
| 520 |
|
|
|a Seit der Gründung der Nationalen Volksarmee 1956 strebte die SED nach umfassender politischer Kontrolle der Streitkräfte. Angesichts der deutschen Teilung und vor dem Hintergrund des ungarischen Aufstandes von 1956 war die SED in besonderem Maße auf die Loyalität der Armeeführung angewiesen; eine deutsch-deutsche Konfrontation im Rahmen des Ost-West-Konflikts und die Niederschlagung innerer Unruhen waren die wahrscheinlichsten Szenarien für den Einsatz der NVA. Der Versuch, die Zuverlässigkeit der Armee durch massive politische Interventionen sicherzustellen, führte jedoch zu Störungen der mil.
|
| 610 |
1 |
0 |
|a Germany (East).
|b Nationale Volksarmee.
|
| 610 |
2 |
0 |
|a Sozialistische Einheitspartei Deutschlands.
|
| 610 |
1 |
7 |
|a Germany (East).
|b Nationale Volksarmee
|2 fast
|
| 610 |
2 |
7 |
|a Sozialistische Einheitspartei Deutschlands
|2 fast
|
| 610 |
2 |
7 |
|a Sozialistische Einheitspartei Deutschlands
|2 gnd
|
| 610 |
1 |
7 |
|a Deutschland
|g DDR
|b Nationale Volksarmee
|2 gnd
|
| 650 |
|
0 |
|a Civil-military relations
|z Germany (East)
|
| 651 |
|
0 |
|a Germany (East)
|x Armed Forces.
|
| 650 |
|
6 |
|a Relations pouvoir civil-pouvoir militaire
|z Allemagne (Est)
|
| 650 |
|
7 |
|a Armed Forces
|2 fast
|
| 650 |
|
7 |
|a Civil-military relations
|2 fast
|
| 651 |
|
7 |
|a Germany (East)
|2 fast
|
| 650 |
|
7 |
|a Kommunistische Partei, Militärpolitik.
|2 fes
|
| 650 |
|
7 |
|a Militärpolitik
|2 gnd
|
| 651 |
|
7 |
|a Deutschland
|g DDR
|2 gnd
|
| 650 |
1 |
7 |
|a Krijgsmacht.
|2 gtt
|
| 650 |
1 |
7 |
|a SED.
|2 gtt
|
| 655 |
|
7 |
|a Electronic books.
|2 local
|
| 655 |
|
7 |
|a History
|2 fast
|
| 655 |
|
7 |
|a Hochschulschrift.
|0 (DE-588)4113937-9.
|2 gnd
|
| 710 |
2 |
|
|a Walter de Gruyter & Co.
|
| 758 |
|
|
|i has work:
|a Die SED und ihre Armee (Text)
|1 https://id.oclc.org/worldcat/entity/E39PCFwj8XqRMrhd6D73txTQHK
|4 https://id.oclc.org/worldcat/ontology/hasWork
|
| 776 |
0 |
8 |
|i Print version:
|a Giese, Daniel.
|t SED und ihre Armee.
|d München : Oldenbourg, 2002
|w (DLC) 2003403195
|w (OCoLC)50932378
|
| 830 |
|
0 |
|a Schriftenreihe der Vierteljahrshefte für Zeitgeschichte ;
|v Nr. 85.
|
| 856 |
4 |
0 |
|u https://www.degruyterbrill.com/openurl?genre=book&isbn=9783486702903
|z Connect to the full text of this electronic book
|t 0
|
| 955 |
|
|
|a De Gruyter Open Access ebooks
|
| 994 |
|
|
|a 92
|b TXA
|
| 999 |
f |
f |
|i 0b29757e-18ac-452f-ab87-bb42e4d708a1
|s ec0dd37e-1509-464d-81fa-a2669c5390af
|t 0
|
| 952 |
f |
f |
|a Texas A&M University
|b College Station
|c Electronic Resources
|s www_evans
|d Available Online
|t 0
|e D411 .V5 no.85
|h Library of Congress classification
|
| 998 |
f |
f |
|a D411 .V5 no.85
|t 0
|l Available Online
|